00780nam a2200193 i 450000100060000000300090000600500170001500700030003200800410003510000360007624501180011225000120023026000420024230000200028450501890030465100250049370000430051885200250056120166ES-MaACL20230906154642.0t|021107m19631964sp |||| | spa d1 aAguado Bleye, Pedro,d1884-195410aManual de historia de España / cpor Pedro Aguado Bleye ; prólogo y revisión por Cayetano Alcázar Molina. a9ª ed. aMadrid : bEspasa-Calpe, c1963-1964. a3 v. ; c25 cm.8 aContiene: I ; tPrehistoria. Edades Antigua y Media - II ; tReyes Católicos. Casa de Austria (1474-1700) - III ; tCasa de Borbón (1700-1808). España Contemporánea (1808-1955) 4aEspaña-xHistoria.1 aAlcázar Molina, Cayetano,d1897-1958 aES-MaACLjC-30682-84